“烧饼”地点数量≥500的地级行政区 Prefectures with ≥500 "Shaobing" sites - Statistics

General Stats
  • This quiz has been taken 5 times
  • The average score is 30 of 34
Answer Stats
地级行政区 数量 % Correct
郑州 2238
100%
北京 1694
100%
天津 1686
100%
保定 1490
100%
济南 1459
100%
石家庄 1286
100%
济宁 1254
100%
邯郸 1142
100%
新乡 1090
100%
周口 1077
100%
菏泽 1015
100%
徐州 1013
100%
商丘 946
100%
沧州 920
100%
杭州 892
100%
淄博 741
100%
安阳 731
100%
上海 708
100%
洛阳 678
100%
开封 658
100%
临沂 627
100%
唐山 625
100%
聊城 586
100%
邢台 565
100%
枣庄 742
80%
合肥 593
80%
焦作 516
80%
宁波 513
80%
南京 508
80%
廊坊 1120
60%
哈尔滨 697
60%
苏州 679
60%
南通 587
40%
金华 754
20%
No matching quizzes found
Score Distribution
Percent of People with Each Score
Percentile by Number Answered
Your Score History
You have not taken this quiz